• 首页
  • 本馆介绍
  • 公告通知
  • 最新文献
  • 馆藏检索
  • 电子资源
  • 读者导购
  • 参考咨询
  • 我的图书馆
  • 登录
  • 详细信息显示
  • 放入我的书架
  • 预约/预借图书
  • 作者相关作品
  • 分类相关作品
  • 丛书相关作品
  • 出版社相关作品

书目信息

  • 表格格式
  • 工作单格式
  • 卡片格式
题名:
变压器的理论与计算
    
 
作者: Васютинский , 瓦休京斯基 , 瓦修京斯基(С·Б·Васютинский) 著 ;崔立君 等译
分册:  
出版信息: 北京   机械工业出版社  1983
页数: 499页
开本: 19cm
丛书名:
单 册:
中图分类: TM410.1
科图分类:
主题词: 电力变压器
电子资源:
ISBN:
000 01135nam0 2200289 45
001 0183000115
005 20061121160743.31
010    @dCNY2.45
091    @a15033.5390
100    @a19950809d1983 emky0chiy0121 ea
101 1  @achi@crus
102    @aCN@b110000
105    @ay z 000yy
200 10 @a变压器的理论与计算@Abian ya qi de li lun yu ji suan@f(苏)瓦修京斯基(С·Б·Васютинский)著@F(su)wa xiu jing si ji(С·Б·Васютинский)zhu@g崔立君等译
210    @a北京@c机械工业出版社@d1983
215    @a499页@d19cm
300    @a书名原文:Вопросы теории и расчета трансформаторов
510 1  @aВопросы теории и расчета трансформаторов@zrus
606    @a电力变压器
690    @aTM410.1@v3
701 A1 @aВасютинский@bС.В.@4著
701  1 @a瓦休京斯基@Awa xiu jing si ji@bС.В.@4著
701  0 @a瓦修京斯基(С·Б·Васютинский)@Awa xiu jing si ji(С·Б·Васютинский)@4著
702  0 @a崔立君@Acui li jun@4等译
801  2 @aCN@bNLC@c20061121
801  0 @aCN@bTSSF
905    @a10447@dTM410.1@e9
    
    变压器的理论与计算/(苏)瓦修京斯基(С·Б·Васютинский)著/崔立君等译.-北京:机械工业出版社,1983
    499页;19cm
    书名原文:Вопросы теории и расчета трансформаторов
    
    ISBN :CNY2.45
    
●
相关链接 在E读中查询图书 在五车中查询图书 在当当中查询图书 在豆瓣中查询图书


正题名:变压器的理论与计算     索取号:TM410.1/9         预约/预借

序号 登录号 条形码 馆藏地/架位号 状态 备注
1 0102397   001344496   第二样本阅览室/ [索取号:TM410.1/9] 在馆    
唐山师范学院图书馆 欢迎您!
大连网信软件有限公司© 版权所有